| 000 | 01301cam a2200397 i 4500 | ||
|---|---|---|---|
| 001 | 200463939 | ||
| 003 | TR-AnTOB | ||
| 005 | 20250212113609.0 | ||
| 007 | ta | ||
| 008 | 250212t20022001enk b 001 0 eng d | ||
| 010 | _a00048624 | ||
| 020 |
_a0521008433 _q(paperback) |
||
| 020 |
_a9780521008433 _q(paperback) |
||
| 020 |
_z0521803659 _q(hardback) |
||
| 035 | _a(TR-AnTOB)200463939 | ||
| 040 |
_aDLC _beng _erda _cDLC _dC _dUKM _dCUT _dTR-AnTOB |
||
| 041 | 0 | _aeng | |
| 050 |
_aP51 _b.R5343 2002 |
||
| 090 |
_aP51 _b.R5343 2002 |
||
| 100 | 1 |
_aRichards, Jack C. _eauthor _917322 |
|
| 245 | 0 |
_aApproaches and methods in language teaching / _cJack C. Richards and Theodore S. Rodgers. |
|
| 250 | _aSecond edition, 5th printing. | ||
| 264 | 1 |
_aCambridge ; _aNew York : _bCambridge University Press, _c2002. |
|
| 264 | 4 | _c©2001 | |
| 300 |
_aix, 270 pages ; _c23 cm |
||
| 336 |
_atext _btxt _2rdacontent |
||
| 337 |
_aunmediated _bn _2rdamedia |
||
| 338 |
_avolume _bnc _2rdacarrier |
||
| 490 | 0 | _aCambridge Language Teaching Library | |
| 504 | _aBIBINDX | ||
| 650 |
_aLanguage and languages _xStudy and teaching _94806 |
||
| 700 |
_aRodgers, Theodore S., _q(Theodore Stephen), _d1934- _eauthor _944468 |
||
| 942 |
_2lcc _cBK |
||
| 999 |
_c200463939 _d82151 |
||